Online
Catalog

Mariano Rodríguez de Ledesma : (Record no. 41210)

MARC details
000 -CABECERA
campo de control de longitud fija 00946nam a2200205 a 4500
001 - NÚMERO DE CONTROL
campo de control 000041721
005 - FECHA Y HORA DE LA ÚLTIMA TRANSACCIÓN
campo de control 20201002035722.0
008 - DATOS DE LONGITUD FIJA--INFORMACIÓN GENERAL
campo de control de longitud fija 131016s2003 sp 000 0 spa d
020 ## - NÚMERO INTERNACIONAL ESTÁNDAR DEL LIBRO
Número Internacional Estándar del Libro 8400081919s
040 ## - FUENTE DE LA CATALOGACIÓN
Centro catalogador/agencia de origen DO-SdBNP
Lengua de catalogación spa
Centro/agencia transcriptor BNPHU
100 1# - ENTRADA PRINCIPAL--NOMBRE DE PERSONA
Nombre de persona Rodríguez de Ledesma, Mariano
9 (RLIN) 68547
245 10 - MENCIÓN DE TÍTULO
Título Mariano Rodríguez de Ledesma :
Resto del título colección de cuarenta ejercicios o estudios progresivos de vocalización Paris, 1828c /
Mención de responsabilidad, etc. editor Marc Heilbron Ferrer,.
260 ## - PUBLICACIÓN, DISTRIBUCIÓN, ETC.
Lugar de publicación, distribución, etc. Barcelona :
Nombre del editor, distribuidor, etc. Institución Milá y Fontanals, Departamento de Musicología,
Fecha de publicación, distribución, etc. 2003.
300 ## - DESCRIPCIÓN FÍSICA
Extensión 47, 124 p. : ;
Dimensiones 28 cm.
490 1# - MENCIÓN DE SERIE
Mención de serie Textos universitarios /
Designación de volumen o secuencia 39
500 ## - NOTA GENERAL
Nota general Edición facsímil del ejemplar conservado en la Biblioteca del Real Conservatorio Superior de Música de Madrid (manuscrito 1/82)
700 1# - PUNTO DE ACCESO ADICIONAL--NOMBRE DE PERSONA
Nombre de persona Heilbron Ferrer, Marc,
Término indicativo de función/relación ed.
9 (RLIN) 63971
710 2# - PUNTO DE ACCESO ADICIONAL--NOMBRE DE ENTIDAD CORPORATIVA
Nombre de entidad corporativa o nombre de jurisdicción como elemento de entrada Real Conservatorio Superior de Música (Madrid).
9 (RLIN) 68548
830 #0 - PUNTO DE ACCESO ADICIONAL DE SERIE-TÍTULO UNIFORME
Título uniforme Textos universitarios
Designación de volumen o secuencia 39
9 (RLIN) 1147
Holdings
Estado de retiro Estado de pérdida Restricciones de uso No para préstamo Código de colección Localización permanente Ubicación/localización actual Ubicación en estantería Fecha de adquisición Número de inventario Total de préstamos Signatura topográfica completa Código de barras Fecha visto por última vez Precio válido a partir de Tipo de ítem Koha
      Excluido de préstamo Monografías: Libros y Folletos General General En catalogación 16.10.2013 LF1   41721-10 25.06.2020 25.06.2020 No se presta

Powered by Koha